000 00697nam a2200277Ia 4500
005 20260324144729.0
008 008 260324s9999 xx 000 0 eng d
020 _a9781315784229
037 _aEBOOK
040 _aCRL
040 _beng
040 _cCRL
041 _2eng
041 _aeng
084 _qCRL
100 _aN.S. Jacobson; G. Margolin
_91220393
245 0 _aMarital Therapy Strategies Based On Social Learning & Behavior Exchange Principles
260 _bTaylor and Francis
260 _c1986
365 _a
365 _b170
856 _uhttp://www.taylorfrancis.com/books/9781315784229
942 _cEBOOK
999 _c1827377
_d1827377